Statistics for Countries in which tallest building is a church/mosque

Click here to take the quiz!

General Stats

  • This quiz has been taken 14 times
  • The average score is 3 of 15

Answer Stats

Height (m)Year builtCountry% Correct
1361626BasilicaVatican City
58%
1002008MosqueYemen
50%
1231519ChurchEstonia
33%
2702018MosqueAlgeria
17%
1081899CathedralCroatia
17%
441901CathedralSuriname
17%
211845CathedralAntigua and Barbuda
8%
36n/aMosqueComoros
8%
521950CathedralGuinea-Bissau
8%
1001869BasilicaHungary
8%
1581990BasilicaIvory Coast
8%
2101993MosqueMorocco
8%
261859CathedralSaint Kitts and Nevis
8%
371818CathedralGrenada
0%
43n/aCathedralSaint Vincent and the Grenadines
0%

Score Distribution

Percentile by Number Answered

Percent of People with Each Score

Your Score History

You have not taken this quiz